Let us C Solution (Record no. 2208)
[ view plain ]
| 000 -LEADER | |
|---|---|
| fixed length control field | 00377nam a2200157Ia 4500 |
| 008 - FIXED-LENGTH DATA ELEMENTS--GENERAL INFORMATION | |
| fixed length control field | 191201s1991 xx 000 0 und d |
| 020 ## - INTERNATIONAL STANDARD BOOK NUMBER | |
| International Standard Book Number | 9788183331630 |
| 082 ## - DEWEY DECIMAL CLASSIFICATION NUMBER | |
| Classification number | 005.133 |
| Item number | KAL |
| 100 ## - MAIN ENTRY--PERSONAL NAME | |
| Personal name | Kanetkar ,Yashavant |
| 245 #0 - TITLE STATEMENT | |
| Title | Let us C Solution |
| 250 ## - EDITION STATEMENT | |
| Edition statement | 6th |
| 260 ## - PUBLICATION, DISTRIBUTION, ETC. (IMPRINT) | |
| Place of publication, distribution, etc | N.Delhi |
| Name of publisher, distributor, etc | BPB Publication |
| Date of publication, distribution, etc | 1991 |
| 300 ## - PHYSICAL DESCRIPTION | |
| Extent | 489 |
| 650 ## - SUBJECT ADDED ENTRY--TOPICAL TERM | |
| Topical term or geographic name as entry element | B.Tech(CSE) |
| 942 ## - ADDED ENTRY ELEMENTS (KOHA) | |
| Source of classification or shelving scheme | Dewey Decimal Classification |
| Koha item type | Text Books |
| 942 ## - ADDED ENTRY ELEMENTS (KOHA) | |
| -- | 7 |
| Withdrawn status | Lost status | Source of classification or shelving scheme | Damaged status | Not for loan | Collection code | Home library | Current library | Date acquired | Source of acquisition | Cost, normal purchase price | Bill Number | Total Checkouts | Full call number | Acc. no. / Barcode | Date last seen | Date last borrowed | Bill Date | Koha item type |
|---|---|---|---|---|---|---|---|---|---|---|---|---|---|---|---|---|---|---|
| Dewey Decimal Classification | B.Tech(CSE) | PIET C-LIBRARY | PIET C-LIBRARY | 25/08/2006 | M/S Prem Book | 195.00 | 1387 | 4 | 005.133 KAL | 4051 | 21/03/2022 | 10/03/2022 | 23/08/2005 | Text Books | ||||
| Dewey Decimal Classification | B.Tech(CSE) | PIET C-LIBRARY | PIET C-LIBRARY | 25/08/2006 | M/S Prem Book | 195.00 | 1387 | 3 | 005.133 KAL | 4052 | 15/10/2024 | 24/09/2024 | 23/08/2005 | Text Books | ||||
| Dewey Decimal Classification | B.Tech(CSE) | PIET C-LIBRARY | PIET C-LIBRARY | 25/08/2006 | M/S Prem Book | 195.00 | 1387 | 005.133 KAL | 4053 | 04/12/2019 | 23/08/2005 | Text Books | ||||||
| Dewey Decimal Classification | B.Tech(CSE) | PIET C-LIBRARY | PIET C-LIBRARY | 25/08/2006 | M/S Prem Book | 195.00 | 1387 | 1 | 005.133 KAL | 4054 | 12/10/2022 | 07/10/2022 | 23/08/2005 | Text Books | ||||
| Dewey Decimal Classification | B.Tech(CSE) | PIET C-LIBRARY | PIET C-LIBRARY | 25/08/2006 | M/S Prem Book | 195.00 | 1387 | 1 | 005.133 KAL | 4055 | 24/02/2024 | 15/12/2021 | 23/08/2005 | Text Books |